000 01127pam a2200337 i 4500
999 _c2571
_d2571
001 020994690
003 UkOxU
005 20230721075058.0
008 170531r20172014enka b |0|1|0|eng d
015 _aGBB791550
_2bnb
020 _a9781108420419
035 _a(Uk)018365989
040 _aStDuBDS
_beng
_erda
_cStDuBDS
_dUk
_dUkOxU
_dKH8
042 _aukblsr
082 0 4 _a537.6 GRI
100 1 _aGriffiths, David J.
_q(David Jeffery),
_d1942-
_eauthor.
245 1 0 _aIntroduction to electrodynamics /
_cDavid J Griffiths.
250 _aFourth edition.
264 1 _aCambridge :
_bCambridge University Press,
_c[2017]
300 _axviii, 599 pages :
_billustrations (black and white) ;
_c25 cm
336 _atext
_2rdacontent
336 _astill image
_2rdacontent
337 _aunmediated
_2rdamedia
338 _avolume
_2rdacarrier
500 _aThis edition originally published: Pearson Education, Inc. 2013.
500 _aFormerly CIP.
_5Uk
504 _aIncludes bibliographical references and index.
650 0 _aElectrodynamics.
650 0 _aElectrodynamics
_vProblems, exercises, etc.
942 _2ddc
_cTR